000 01096nam a2200253Ia 4500
001 1034
003 GE_BSU
008 181216s||||||||xx |||||||||||||| ||und||
040 _cGE_BSU
080 _a159.9.(075.8)
245 _aОбщая психодиагностика.Основы психодиагностики,немедицинской психотерапии и психологического консультирования
245 _bУч-к для студ. высш. учебн. завед. по спец."Психология
245 _cПод ред. А.А.Бодалева,В.В.Столина
260 _aМосква
260 _bМосковск.ун-т
260 _c1987
300 _a304стр.
541 _h12л.
653 _aОбщая психодиагностика
653 _aОсновы психодиагностики,немедицинской психотерапии и психологического консультирования
653 _aПсихология
653 _aფსიქოლოგია
942 _cBK
999 _c35188
_d35188